[Event "Managua Hurtado Memorial op"]
[Site "Managua"]
[Date "2021.12.27"]
[Round "3"]
[White "Useda Bodan, Jesus Ernesto"]
[Black "Rodriguez Guerrero, Diana Michel"]
[Result "1/2-1/2"]
[WhiteElo "1496"]
[BlackElo "1406"]
[PlyCount "100"]
[EventDate "2021.12.26"]
[EventType "swiss"]
[EventRounds "9"]
[EventCountry "NCA"]
[SourceTitle "CBM 206 Extra"]
[Source "ChessBase"]
[SourceDate "2022.03.31"]
[SourceVersion "1"]
[SourceVersionDate "2022.03.31"]
[SourceQuality "1"]

1. e4 e5 2. Nf3 Nc6 3. Bb5 a6 4. Ba4 b5 5. Bb3 Nf6 6. 0-0 d5 7. exd5 Nxd5 8. d4 Nxd4 9. Re1 Be6 10. Nxd4 exd4 11. Qxd4 c6 12. Nc3 Nxc3 13. Qxc3 Qd7 14. Bg5 b4 15. Qf3 Be7 16. Rad1 Qc8 17. Ba4 Ra7 18. Bxc6+ Kf8 19. Bd7 Rxd7 20. Rxd7 Qxd7 21. Qa8+ Qc8 22. Qxc8+ Bxc8 23. Bxe7+ Ke8 24. Bxb4+ Kd7 25. Re7+ Kc6 26. Rxf7 Rd8 27. f4 Be6 28. Rxg7 Bxa2 29. Rxh7 Rd4 30. Bc3 Rxf4 31. h4 Bb1 32. h5 Bxc2 33. Be5 Bxh7 34. Bxf4 Kd5 35. Bd2 Ke6 36. Kf2 Kf7 37. g4 Bc2 38. Kg3 Kf6 39. Kf4 Kf7 40. g5 Kg7 41. Ke5 Bd1 42. h6+ Kg6 43. b4 Be2 44. Ke6 Bc4+ 45. Ke7 Bb3 46. Kf8 Ba2 47. Ke7 Bb3 48. Kf8 Ba2 49. Ke7 Bb3 50. Kf8 Ba2 1/2-1/2